[Event "IECG CP.2000.S.00002 email"]
[Site "IECG email"]
[Date "2002.10.01"]
[Round "?"]
[White "Granz, Burkhard"]
[Black "Quadri, Sergio Fabian"]
[Result "1-0"]
[WhiteElo "2170"]
[BlackElo "2061"]
[PlyCount "97"]
[EventDate "2002.10.01"]
[EventType "tourn (corr)"]
[EventRounds "6"]
[EventCountry "GER"]
[SourceTitle "Corr 2008"]
[Source "ChessBase"]
[SourceDate "2008.06.24"]
[SourceVersion "1"]
[SourceVersionDate "2008.06.24"]
[SourceQuality "1"]

1. e4 c6 2. Nc3 d5 3. Nf3 Bg4 4. h3 Bxf3 5. Qxf3 e6 6. d3 Nd7 7. Be2 g6 8. 0-0 Bg7 9. Qg3 Ne7 10. a4 0-0 11. a5 d4 12. Nb1 Qb8 13. Qxb8 Rfxb8 14. Bf4 e5 15. Bg3 b5 16. axb6 axb6 17. Nd2 f5 18. f4 Bh6 19. Nf3 exf4 20. Bh4 Kf7 21. Ng5+ Kf6 22. Nxh7+ Ke6 23. Rae1 Ne5 24. exf5+ Nxf5 25. Bg4 Kd6 26. Bxf5 gxf5 27. Bg5 Bxg5 28. Nxg5 Rg8 29. h4 Raf8 30. Rxf4 c5 31. g3 Nf7 32. Rxf5 Nxg5 33. Rxf8 Rxf8 34. hxg5 Rg8 35. Re4 Rxg5 36. g4 Kd5 37. Kf2 Rg8 38. Kf3 Rf8+ 39. Rf4 Rh8 40. Rf5+ Ke6 41. Rh5 Rf8+ 42. Ke4 Rf2 43. Rh6+ Kf7 44. Rxb6 Rxc2 45. b4 c4 46. g5 c3 47. Kxd4 Rc1 48. b5 c2 49. g6+ 1-0

[Event "IECG WC.2004.S.00001 email"]
[Site "IECG email"]
[Date "2002.05.08"]
[Round "?"]
[White "Granz, Burkhard"]
[Black "Schoonhoven, Jan Willem"]
[Result "0-1"]
[WhiteElo "2172"]
[BlackElo "2577"]
[PlyCount "126"]
[EventDate "2002.05.08"]
[EventType "tourn (corr)"]
[EventRounds "8"]
[SourceTitle "Corr 2008"]
[Source "ChessBase"]
[SourceDate "2008.06.24"]
[SourceVersion "1"]
[SourceVersionDate "2008.06.24"]
[SourceQuality "1"]

1. Nf3 c5 2. e4 d6 3. d4 cxd4 4. Nxd4 Nf6 5. Nc3 a6 6. Be3 e6 7. g4 h6 8. f4 Nc6 9. h3 Qc7 10. Qf3 b5 11. Bd3 Bb7 12. 0-0-0 b4 13. Nce2 b3 14. Nxb3 Nb4 15. Nc3 d5 16. Nd2 dxe4 17. Bxe4 Rc8 18. Kb1 Nbd5 19. Bd4 Nxc3+ 20. Bxc3 Nxe4 21. Nxe4 Bb4 22. Rd3 0-0 23. Rhd1 Bd5 24. Qe3 Qc4 25. Bxb4 Bxe4 26. Qd2 Bxd3 27. cxd3 Qd4 28. Bxf8 Rxf8 29. g5 h5 30. h4 Rd8 31. a3 Rd5 32. Ka2 Kh7 33. b4 Rf5 34. Rf1 a5 35. Kb3 Qd5+ 36. Kc3 Qd7 37. Qe2 g6 38. Kb3 Rd5 39. Rf3 axb4 40. axb4 Rd6 41. Qe5 Ra6 42. b5 Ra5 43. Kb4 Qa7 44. Rf1 Ra4+ 45. Kb3 Rd4 46. f5 Rxd3+ 47. Kc2 Rh3 48. fxg6+ fxg6 49. Kd2 Rh2+ 50. Qxh2 Qa2+ 51. Ke3 Qxh2 52. Rf4 Qg3+ 53. Ke4 Qe1+ 54. Kf3 Qf1+ 55. Ke3 Qxb5 56. Rf7+ Kg8 57. Rf6 Kg7 58. Rf2 Qb3+ 59. Kd2 Qb4+ 60. Ke2 Qxh4 61. Rg2 Qe4+ 62. Kf1 Qb1+ 63. Kf2 h4 0-1

[Event "IECG WC.2004.S.00001 email"]
[Site "IECG email"]
[Date "2002.05.08"]
[Round "?"]
[White "Ibar, Marcelo Rodolfo"]
[Black "Granz, Burkhard"]
[Result "0-1"]
[WhiteElo "2366"]
[BlackElo "2172"]
[PlyCount "80"]
[EventDate "2002.05.08"]
[EventType "tourn (corr)"]
[EventRounds "8"]
[SourceTitle "Corr 2008"]
[Source "ChessBase"]
[SourceDate "2008.06.24"]
[SourceVersion "1"]
[SourceVersionDate "2008.06.24"]
[SourceQuality "1"]

1. e4 c5 2. Nf3 d6 3. d4 cxd4 4. Nxd4 Nf6 5. Nc3 a6 6. Be3 e5 7. Nb3 Be6 8. f3 Be7 9. Qd2 0-0 10. 0-0-0 b5 11. g4 Nbd7 12. g5 b4 13. Ne2 Ne8 14. Ng3 a5 15. Kb1 a4 16. Nc1 a3 17. b3 Nc7 18. f4 exf4 19. Bxf4 d5 20. Bg2 dxe4 21. Nce2 Nd5 22. Nxe4 Nxf4 23. Qxf4 Qa5 24. Nd4 Rac8 25. Rhe1 Ne5 26. Qg3 Bg4 27. Rd2 Rfe8 28. h3 Bd7 29. Nf3 Nxf3 30. Bxf3 Bf5 31. Nf6+ Bxf6 32. Rxe8+ Rxe8 33. gxf6 g6 34. Qd6 h5 35. Rd5 Qa8 36. Qxb4 Qc6 37. Rxf5 Qb6 38. Qd2 Qg1+ 39. Bd1 gxf5 40. c4 f4 0-1

[Event "IECG WC.2004.S.00001 email"]
[Site "IECG email"]
[Date "2002.05.08"]
[Round "?"]
[White "Soentges, Karl Heinz"]
[Black "Granz, Burkhard"]
[Result "1-0"]
[WhiteElo "2313"]
[BlackElo "2172"]
[PlyCount "101"]
[EventDate "2002.05.08"]
[EventType "tourn (corr)"]
[EventRounds "8"]
[SourceTitle "Corr 2008"]
[Source "ChessBase"]
[SourceDate "2008.06.24"]
[SourceVersion "1"]
[SourceVersionDate "2008.06.24"]
[SourceQuality "1"]

1. e4 c5 2. Nf3 d6 3. d4 cxd4 4. Nxd4 Nf6 5. Nc3 a6 6. Be3 e5 7. Nb3 Be6 8. f3 Be7 9. Qd2 h5 10. a4 Nbd7 11. Be2 Rc8 12. a5 Qc7 13. 0-0 0-0 14. Rac1 Rfe8 15. Nd5 Nxd5 16. exd5 Bf5 17. c4 h4 18. Bd3 Bxd3 19. Qxd3 Qd8 20. Qf5 g6 21. Qd3 Bg5 22. Bxg5 Qxg5 23. Nd2 f5 24. Rce1 Kg7 25. Rf2 Qf4 26. Qa3 Nc5 27. b4 Nd7 28. Qb3 Qd4 29. Rd1 Red8 30. c5 dxc5 31. Nc4 Qf4 32. b5 axb5 33. Qxb5 Rb8 34. d6 Kh6 35. Qb3 e4 36. fxe4 Qxe4 37. Rf3 f4 38. Qc3 Re8 39. Rff1 b5 40. axb6 Qf5 41. Rde1 Qf7 42. Re3 g5 43. Ree1 Nxb6 44. Rxe8 Qxe8 45. Re1 Qf7 46. Ne5 Qf5 47. Qxc5 Nd7 48. Nxd7 Qxd7 49. Qd4 Kh5 50. Re7 Ra8 51. Rxd7 1-0

[Event "IECG CP.2000.Q.00022"]
[Site "IECG email"]
[Date "2001.10.01"]
[Round "?"]
[White "Jensen, Soeren"]
[Black "Granz, Burkhard"]
[Result "0-1"]
[WhiteElo "1700"]
[BlackElo "2073"]
[PlyCount "86"]
[EventDate "2001.10.01"]
[EventType "tourn (corr)"]
[EventRounds "6"]
[SourceTitle "Corr 2008"]
[Source "ChessBase"]
[SourceDate "2008.06.24"]
[SourceVersion "1"]
[SourceVersionDate "2008.06.24"]
[SourceQuality "1"]

1. e4 c5 2. Nc3 Nc6 3. f4 e6 4. Nf3 a6 5. g3 d5 6. d3 Nf6 7. Bg2 Be7 8. 0-0 0-0 9. Ne5 Nd4 10. exd5 Nxd5 11. Nxd5 exd5 12. Be3 f6 13. Nf3 Nc6 14. d4 c4 15. Nh4 f5 16. Nf3 Be6 17. c3 b5 18. Ne5 Qc7 19. Qh5 b4 20. Rfe1 Nxe5 21. dxe5 Rab8 22. Re2 bxc3 23. bxc3 Ba3 24. Rd1 Qa5 25. Rc2 Bb2 26. Qf3 Qxa2 27. Bc1 Qb1 28. Qe2 Bxc1 29. Rcxc1 Qb6+ 30. Kh1 Rfd8 31. Qd2 Qc5 32. Ra1 a5 33. h3 Rb5 34. Kh2 Rdb8 35. Ra2 Kf8 36. Re1 Rb3 37. Rc1 R8b5 38. Rf1 Qb6 39. Rc1 Rb2 40. Rc2 Rxc2 41. Rxc2 a4 42. Qc1 Rb1 43. Qa3+ Kf7 0-1

[Event "IECG WC.2003.S.00009 email"]
[Site "IECG email"]
[Date "2001.04.01"]
[Round "?"]
[White "Gutsche, Dieter"]
[Black "Granz, Burkhard"]
[Result "1/2-1/2"]
[WhiteElo "2408"]
[BlackElo "2000"]
[PlyCount "59"]
[EventDate "2001.04.01"]
[EventType "tourn (corr)"]
[EventRounds "8"]
[SourceTitle "Corr 2008"]
[Source "ChessBase"]
[SourceDate "2008.06.24"]
[SourceVersion "1"]
[SourceVersionDate "2008.06.24"]
[SourceQuality "1"]

1. e4 c5 2. Nf3 d6 3. d4 cxd4 4. Nxd4 Nf6 5. Nc3 a6 6. Bg5 e6 7. f4 Qb6 8. Nb3 Be7 9. Qf3 Nbd7 10. 0-0-0 Qc7 11. Bd3 b5 12. a3 Rb8 13. Rhe1 b4 14. axb4 Rxb4 15. Kb1 Bb7 16. Qh3 Nc5 17. Nxc5 dxc5 18. e5 Nd5 19. Nxd5 Bxd5 20. c3 Rb8 21. Bxe7 Qxe7 22. c4 Bc6 23. f5 exf5 24. Bxf5 g6 25. Be4 Bxe4+ 26. Rxe4 0-0 27. Rd7 Qe6 28. Qxe6 fxe6 29. Re2 Rb4 30. Rd6 1/2-1/2

[Event "IECG WC.2004.P.00017 email"]
[Site "IECG email"]
[Date "2001.01.22"]
[Round "?"]
[White "Rakus, Klaus Dieter"]
[Black "Granz, Burkhard"]
[Result "0-1"]
[WhiteElo "1400"]
[BlackElo "1994"]
[PlyCount "78"]
[EventDate "2001.01.22"]
[EventType "tourn (corr)"]
[EventRounds "8"]
[SourceTitle "Corr 2008"]
[Source "ChessBase"]
[SourceDate "2008.06.24"]
[SourceVersion "1"]
[SourceVersionDate "2008.06.24"]
[SourceQuality "1"]

1. d4 Nf6 2. g3 e6 3. Bg2 d5 4. Nf3 Be7 5. 0-0 0-0 6. c4 dxc4 7. Qc2 a6 8. a4 Bd7 9. Qxc4 Bc6 10. Bf4 Nd5 11. Bd2 Nd7 12. Qc2 Nb4 13. Bxb4 Bxb4 14. Rd1 Nf6 15. Nbd2 Rc8 16. Rac1 Qe7 17. Ne5 Bxg2 18. Kxg2 c5 19. Ndf3 c4 20. b3 c3 21. Nd3 Ba3 22. Ra1 b6 23. e3 Bd6 24. Nfe5 Bxe5 25. Nxe5 Qb7+ 26. Kg1 Ne4 27. Rd3 f6 28. Nc4 b5 29. axb5 axb5 30. Na5 Qd5 31. f3 Nd2 32. e4 Qh5 33. Kg2 f5 34. e5 b4 35. Ra4 f4 36. g4 Qh4 37. Ra1 Ra8 38. Rxd2 cxd2 39. Qxd2 h5 0-1

[Event "IECG CP.2000.P.00017"]
[Site "IECG email"]
[Date "2000.10.01"]
[Round "?"]
[White "Granz, Burkhard"]
[Black "Munk, Poul N"]
[Result "1/2-1/2"]
[WhiteElo "1982"]
[BlackElo "1754"]
[PlyCount "81"]
[EventDate "2000.10.01"]
[EventType "tourn (corr)"]
[EventRounds "6"]
[EventCountry "GER"]
[SourceTitle "Corr 2008"]
[Source "ChessBase"]
[SourceDate "2008.06.24"]
[SourceVersion "1"]
[SourceVersionDate "2008.06.24"]
[SourceQuality "1"]

1. e4 e6 2. d4 d5 3. Nc3 Nf6 4. Bg5 Be7 5. e5 Nfd7 6. Bxe7 Qxe7 7. Qd2 0-0 8. Nb5 a6 9. Nc3 c5 10. f4 cxd4 11. Qxd4 Nc6 12. Qd2 f6 13. exf6 Nxf6 14. 0-0-0 d4 15. Nce2 Ne4 16. Qe1 Qc5 17. Nxd4 Nxd4 18. Qxe4 Rxf4 19. Qd3 e5 20. Qc4+ Qxc4 21. Bxc4+ Kf8 22. Ne2 Nxe2+ 23. Bxe2 Bg4 24. Bxg4 Rxg4 25. g3 Re8 26. Rhe1 Rg5 27. Re4 Rf5 28. c4 Kf7 29. Rd2 g5 30. c5 Rf1+ 31. Kc2 Re7 32. b4 h5 33. Ree2 e4 34. Rd6 a5 35. Rd4 axb4 36. Rdxe4 Rxe4 37. Rxe4 Rf5 38. Rxb4 Rxc5+ 39. Kd3 b5 40. g4 hxg4 41. Rxg4 1/2-1/2

[Event "IECG C1.2000.0.00284"]
[Site "IECG email"]
[Date "2000.05.20"]
[Round "?"]
[White "Marino, Maurizio"]
[Black "Granz, Burkhard"]
[Result "0-1"]
[WhiteElo "2000"]
[BlackElo "1911"]
[PlyCount "72"]
[EventDate "2000.05.20"]
[EventType "tourn (corr)"]
[EventRounds "6"]
[SourceTitle "Corr 2008"]
[Source "ChessBase"]
[SourceDate "2008.06.24"]
[SourceVersion "1"]
[SourceVersionDate "2008.06.24"]
[SourceQuality "1"]

1. e4 c5 2. Nf3 d6 3. d4 cxd4 4. Nxd4 Nf6 5. Nc3 a6 6. Bc4 e6 7. a4 Be7 8. 0-0 0-0 9. Ba2 Nc6 10. Be3 Nb4 11. Bb3 e5 12. Nde2 Ng4 13. Bc1 Be6 14. Nd5 Nxd5 15. Bxd5 Qc7 16. c4 Rac8 17. Nc3 Nf6 18. b3 Qa5 19. Bb2 Nxd5 20. Nxd5 Bxd5 21. exd5 f5 22. Ba3 Qd8 23. Qh5 e4 24. Ra2 b5 25. axb5 axb5 26. Rc1 Qb6 27. Qe2 bxc4 28. bxc4 Qb3 29. Raa1 Ra8 30. Bb2 Rxa1 31. Bxa1 Bg5 32. Re1 g6 33. f3 e3 34. Bd4 f4 35. Qf1 Rc8 36. Rc1 Qa2 0-1

[Event "IECG WC.2003.P.00014 email"]
[Site "IECG email"]
[Date "2000.??.??"]
[Round "?"]
[White "Aguiar, Alexandre"]
[Black "Granz, Burkhard"]
[Result "0-1"]
[WhiteElo "1025"]
[BlackElo "1833"]
[PlyCount "92"]
[EventDate "2000.01.26"]
[EventType "tourn (corr)"]
[EventRounds "10"]
[SourceTitle "Corr 2008"]
[Source "ChessBase"]
[SourceDate "2008.06.24"]
[SourceVersion "1"]
[SourceVersionDate "2008.06.24"]
[SourceQuality "1"]

1. d4 Nf6 2. c4 e6 3. g3 Bb4+ 4. Bd2 Be7 5. Nc3 d5 6. Bg2 0-0 7. Nf3 dxc4 8. 0-0 Nbd7 9. Qc2 c6 10. Rfd1 Nd5 11. b3 cxb3 12. axb3 Nb4 13. Qb2 b6 14. Na2 Nxa2 15. Rxa2 a5 16. Bf4 Ba6 17. Qc2 Bb5 18. e4 Rc8 19. Qb1 Qe8 20. e5 h6 21. Nd2 c5 22. Nc4 Bxc4 23. bxc4 cxd4 24. Rxd4 g5 25. Rad2 Bb4 26. Rd1 Rc7 27. Be3 Nxe5 28. Rd8 Qa4 29. Bxb6 Rxc4 30. Qb2 Bc3 31. Rxf8+ Kxf8 32. Qe2 Kg7 33. h3 Qb4 34. Be3 a4 35. f4 gxf4 36. Bxf4 Rxf4 37. gxf4 Qxf4 38. Kh1 a3 39. Rg1 Bd4 40. Rf1 Qg3 41. Qe4 Qd3 42. Qa8 Qe3 43. Qa4 Nd3 44. Bf3 Nf2+ 45. Kg2 Ne4 46. Qd1 Nd2 0-1

[Event "IECG WC.2003.P.00014 email"]
[Site "IECG email"]
[Date "2000.??.??"]
[Round "?"]
[White "Granz, Burkhard"]
[Black "Medveski, Mike"]
[Result "1/2-1/2"]
[WhiteElo "1833"]
[BlackElo "1603"]
[PlyCount "59"]
[EventDate "2000.01.26"]
[EventType "tourn (corr)"]
[EventRounds "10"]
[SourceTitle "Corr 2008"]
[Source "ChessBase"]
[SourceDate "2008.06.24"]
[SourceVersion "1"]
[SourceVersionDate "2008.06.24"]
[SourceQuality "1"]

1. e4 e5 2. Nf3 Nc6 3. Nc3 Nf6 4. Bb5 Nd4 5. Ba4 c6 6. Nxe5 d6 7. Nd3 b5 8. Bb3 Be7 9. a3 0-0 10. f3 d5 11. exd5 Re8 12. 0-0 Nxb3 13. cxb3 cxd5 14. Re1 Qb6+ 15. Nf2 d4 16. Nce4 Nxe4 17. Rxe4 Bb7 18. Re5 Bd6 19. Rxe8+ Rxe8 20. d3 Qc7 21. h3 Qc5 22. Bd2 Qe5 23. Ng4 Qg3 24. Be1 Qf4 25. Bd2 Qf5 26. Bb4 Bg3 27. Nh2 Bd5 28. Nf1 Be5 29. a4 Rb8 30. Qc2 1/2-1/2

[Event "IECG WC.2003.P.00014 email"]
[Site "IECG email"]
[Date "2000.??.??"]
[Round "?"]
[White "Sandehn, Kenth"]
[Black "Granz, Burkhard"]
[Result "0-1"]
[WhiteElo "2028"]
[BlackElo "1833"]
[PlyCount "108"]
[EventDate "2000.01.26"]
[EventType "tourn (corr)"]
[EventRounds "10"]
[SourceTitle "Corr 2008"]
[Source "ChessBase"]
[SourceDate "2008.06.24"]
[SourceVersion "1"]
[SourceVersionDate "2008.06.24"]
[SourceQuality "1"]

1. e4 c5 2. c3 Nf6 3. e5 Nd5 4. d4 cxd4 5. cxd4 d6 6. Nf3 Nc6 7. Nc3 dxe5 8. dxe5 Nxc3 9. Qxd8+ Nxd8 10. bxc3 Nc6 11. Rb1 g6 12. Bf4 Bg7 13. Bd3 b6 14. Be4 Bb7 15. 0-0 Rc8 16. Rfe1 Nd8 17. Bxb7 Nxb7 18. Re3 0-0 19. Bg5 Rfe8 20. Nd4 Nc5 21. f3 Na4 22. Rb3 f6 23. exf6 exf6 24. Rxe8+ Rxe8 25. Bd2 a6 26. g4 Kf7 27. Kf1 b5 28. Rb1 Bf8 29. Re1 Rd8 30. Re4 Ba3 31. Re3 Bc5 32. Re4 Bb6 33. Ke1 Rc8 34. Ne2 Nb2 35. Nf4 Nc4 36. Nd3 Rd8 37. Ke2 Nd6 38. Rf4 g5 39. Rb4 Nc4 40. h3 Re8+ 41. Kd1 Kg6 42. Rb3 Be3 43. Be1 h5 44. Nb4 Rd8+ 45. Ke2 Rd6 46. Nd3 Bb6 47. Bd2 Re6+ 48. Kd1 Be3 49. Be1 f5 50. Nb2 hxg4 51. fxg4 Nxb2+ 52. Rxb2 f4 53. Rc2 f3 54. Bf2 Kf7 0-1